LEADER 01740nam 2200601 a 450 001 9910671772003321 005 20221108045834.0 010 $a84-7800-808-X 035 $a(CKB)2550000000055488 035 $a(OCoLC)849457507 035 $a(CaPaEBR)ebrary10505017 035 $a(SSID)ssj0001024436 035 $a(PQKBManifestationID)11652672 035 $a(PQKBTitleCode)TC0001024436 035 $a(PQKBWorkID)11038377 035 $a(PQKB)11694630 035 $a(MiAaPQ)EBC3195437 035 $a(OCoLC)929310039 035 $a(FlNmELB)ELB52505 035 $a(EXLCZ)992550000000055488 100 $a20201111e2011 || | 101 0 $aspa 135 $aurcn||||||||| 181 $ctxt 182 $cc 183 $acr 200 10$aHistoria de derecho$b[recurso electronico] $ederecho comu?n /$fBartolome? Clavero 205 $a3a reimp. 210 $aSalamanca, Espan?a $cEdiciones Universidad de Salamanca$d2011 215 $a1 online resource (122 p.) 225 0$aManuales universitarios ;$v53 300 $aBibliographic Level Mode of Issuance: Monograph 311 $a84-7481-774-9 606 $aCommon law$xHistory 606 $aRoman law 606 $aDerecho comu?n$xHistoria 606 $aDerecho romano 608 $aElectronic books. 610 $aDerecho comun 615 0$aCommon law$xHistory. 615 0$aRoman law. 615 0$aDerecho comu?n$xHistoria. 615 0$aDerecho romano. 676 $a340.5/7 700 $aClavero$b Bartolome?$0426574 712 02$ae-libro, Corp. 801 0$bMiAaPQ 801 1$bMiAaPQ 801 2$bMiAaPQ 906 $aBOOK 912 $a9910671772003321 996 $aHistoria de derecho$93047436 997 $aUNINA LEADER 01690oam 2200433 450 001 9910702636803321 005 20141121074556.0 035 $a(CKB)5470000002429822 035 $a(OCoLC)893098122 035 $a(EXLCZ)995470000002429822 100 $a20141016d2014 ua 0 101 0 $aeng 135 $aur||||||||||| 181 $ctxt$2rdacontent 182 $cc$2rdamedia 183 $acr$2rdacarrier 200 10$aCultural property $ememorandum of understanding between the United States of America and Bulgaria, signed at Sofia, January 14, 2014 210 1$a[Washington, D.C.] :$cUnited States Department of State,$d[2014?] 215 $a1 online resource (11 unnumbered pages) 225 1 $aTreaties and other international acts series ;$v14-114 300 $aTitle from title screen (viewed on Oct. 16, 2014). 517 3 $aMemorandum of understanding between the United States of America and Bulgaria, signed at Sofia, January 14, 2014 606 $aCultural property$xProtection$xLaw and legislation$zBulgaria 606 $aCultural property$xProtection$xLaw and legislation$zUnited States 606 $aHistoric preservation$xInternational cooperation 608 $aTreaties.$2lcgft 615 0$aCultural property$xProtection$xLaw and legislation 615 0$aCultural property$xProtection$xLaw and legislation 615 0$aHistoric preservation$xInternational cooperation. 712 02$aBulgaria, 712 02$aUnited States, 712 02$aUnited States.$bDepartment of State, 801 0$bGPO 801 1$bGPO 801 2$bGPO 906 $aBOOK 912 $a9910702636803321 996 $aCultural property$93439492 997 $aUNINA LEADER 03001nam 2200697 a 450 001 9910956446003321 005 20251117065400.0 010 $a1-299-05221-5 010 $a1-60344-585-4 035 $a(CKB)2670000000081320 035 $a(EBL)3037886 035 $a(SSID)ssj0000531099 035 $a(PQKBManifestationID)11317196 035 $a(PQKBTitleCode)TC0000531099 035 $a(PQKBWorkID)10588203 035 $a(PQKB)11759825 035 $a(MiAaPQ)EBC3037886 035 $a(OCoLC)1132663938 035 $a(MdBmJHUP)muse77152 035 $a(Au-PeEL)EBL3037886 035 $a(CaPaEBR)ebr10455960 035 $a(CaONFJC)MIL436471 035 $a(OCoLC)715188241 035 $a(BIP)46432107 035 $a(BIP)21092092 035 $a(EXLCZ)992670000000081320 100 $a20040915d2005 uy 0 101 0 $aeng 135 $aurcn||||||||| 181 $ctxt 182 $cc 183 $acr 200 14$aThe black sun $ethe alchemy and art of darkness /$fStanton Marlan ; foreword by David H. Rosen 205 $a1st ed. 210 $aCollege Station $cTexas A&M University Press$dc2005 215 $a1 online resource (305 p.) 225 1 $aCarolyn and Ernest Fay series in analytical psychology ;$vno. 10 300 $aDescription based upon print version of record. 311 08$a1-60344-078-X 320 $aIncludes bibliographical references (p. [237]-247) and index. 327 $a""Contents""; ""Foreword""; ""Acknowledgments""; ""Introduction""; ""Chapter 1 The Dark Side of Light""; ""Chapter 2 The Descent into Darkness""; ""Chapter 3 Analysis and the Art of Darkness""; ""Chapter 4 Lumen Naturae The Light of Darkness Itself""; ""Chapter 5 The Black Sun Archetypal Image of the Non-Self""; ""Epilogue""; ""Notes""; ""Bibliography""; ""Index"" 330 $aMarlan looks at the intrinsic importance of the black sun to the human psyche and the meaning of darkness in Western culture. Using clinical cases, the literature of Goethe and Dante, and the art of Rothko and Reinhardt, he explores the influence of light and shadow on the fundamental structures of modern thought as well as the contemporary practice of analysis. "The Black Sun "offers insight into modernity, the act of imagination, and the work of analysis in understanding depression, trauma, and transformation of the soul. 410 0$aCarolyn and Ernest Fay series in analytical psychology ;$vno. 10. 606 $aJungian psychology 606 $aAlchemy$xPsychological aspects 606 $aShadow (Psychoanalysis) 606 $aSelf 615 0$aJungian psychology. 615 0$aAlchemy$xPsychological aspects. 615 0$aShadow (Psychoanalysis) 615 0$aSelf. 676 $a150.19/54 700 $aMarlan$b Stanton$01866288 701 $aRosen$b David H$01866289 801 0$bMiAaPQ 801 1$bMiAaPQ 801 2$bMiAaPQ 906 $aBOOK 912 $a9910956446003321 996 $aThe black sun$94473662 997 $aUNINA